Psicología anormal: enfoques científicos y clínicos
Guardat en:
| Autor principal: | |
|---|---|
| Format: | Llibre |
| Idioma: | espanyol |
| Publicat: |
Ciudad de México
Interamericana
1985
|
| Matèries: | |
| Etiquetes: |
Afegir etiqueta
Sense etiquetes, Sigues el primer a etiquetar aquest registre!
|
MARC
| LEADER | 00000nam a2200000 a 4500 | ||
|---|---|---|---|
| 001 | UCW4735 | ||
| 003 | CL-VaPUC | ||
| 008 | 900706e19850000MX |||||||||||||||||spa|d | ||
| 082 | 0 | 4 | |a 157 |b MAR |2 21 |
| 100 | |a Martin, Barclay |e autor |9 309518 | ||
| 245 | 1 | 0 | |a Psicología anormal: enfoques científicos y clínicos |
| 300 | |a 609 p | ||
| 942 | |c BK | ||
| 945 | |d 19900706 00:00:00 | ||
| 260 | |a Ciudad de México |b Interamericana |c 1985 | ||
| 650 | 0 | |a Psicopatología |9 307473 | |
| 650 | 0 | |a Psicología clínica |9 307259 | |
| 650 | 0 | |a Trastornos mentales |9 307475 | |
| 583 | |a last modification |c 19900706 00:00:00 |k Rodrigo Vera | ||
| 999 | |c 218366 |d 218364 | ||
| 952 | |0 0 |1 0 |4 0 |6 157_000000000000000_MAR_1985 |7 0 |8 A |9 207832 |a BIBEDU |b BIBEDU |d 2019-11-15 |i 2756676 |o 157 MAR 1985 |p 2756676 |r 2019-11-15 |w 2019-11-15 |y BK |k EDU | ||